No licence can be judge-proof. (Record no. 60660)

MARC details
000 -LEADER
fixed length control field 00744cam a2200157 4500
001 - CONTROL NUMBER
control field ABS60980
008 - FIXED-LENGTH DATA ELEMENTS--GENERAL INFORMATION
fixed length control field 000000n1999 000 0 eng u
035 ## - SYSTEM CONTROL NUMBER
System control number (Sirsi) u101528
100 ## - MAIN ENTRY--PERSONAL NAME
Personal name Lewison, K.
245 ## - TITLE STATEMENT
Title No licence can be judge-proof.
260 ## - PUBLICATION, DISTRIBUTION, ETC.
Date of publication, distribution, etc. 1999
490 ## - SERIES STATEMENT
Series statement Property Week
Volume/sequential designation 64(27) 9 July 1999, 34(1)
520 ## - SUMMARY, ETC.
Summary, etc. Discusses the implications of the (unreported) case Gary Bruton v London Quadrant Housing, where the point at issue was whether a lease has to be shown as being proprietary before it is defined as a tenancy. The House of Lords ruled that although a lease will usually create a proprietary interest, it is not an essential characteristic that it does.
690 ## - LOCAL SUBJECT ADDED ENTRY--TOPICAL TERM (OCLC, RLIN)
Topical term or geographic name as entry element PROPERTY-LANDLORD AND TENANT
942 ## - ADDED ENTRY ELEMENTS (KOHA)
Suppress in OPAC 0
Holdings
Withdrawn status Lost status Source of classification or shelving scheme Damaged status Not for loan Home library Current library Shelving location Date acquired Total Checkouts Full call number Barcode Date last seen Copy number Price effective from Koha item type
    Dewey Decimal Classification     London London Journal article 05/11/1999   ABS60980 101528-1001 06/08/2019 1 06/08/2019 Journal article